Statistics for British brands

Click here to take the quiz!

General Stats

  • This quiz has been taken 72 times
  • The average score is 7 of 15

Answer Stats

HintAnswer% Correct
dairy milkCadbury
89%
SupermarketTesco
89%
MOTD is aired on this channelBBC
69%
oil companyBP
60%
Internet providerBT
57%
bankBarclays
55%
paintDulux
55%
BreadHovis
55%
DIYB&Q
49%
Mike AshleySports direct
37%
Irn BruBarr
23%
AirplanesEasyjet
20%
lagertennent's
8%
fabulously BritishJack Wills
5%
CarsJaguar cars
0%

Score Distribution

Percentile by Number Answered

Percent of People with Each Score

Your Score History

You have not taken this quiz